A Decision-centric Approach for Techno-economic Optimization and Environmental Assessment of Standalone and Grid-integrated Renewable-powered Electric ehicle Charging Stations under Various Planning Horizons / (Record no. 603246)
[ view plain ]
| 000 -LEADER | |
|---|---|
| fixed length control field | 00638nam a2200169Ia 4500 |
| 008 - FIXED-LENGTH DATA ELEMENTS--GENERAL INFORMATION | |
| fixed length control field | 230925s9999||||xx |||||||||||||| ||und|| |
| 082 ## - DEWEY DECIMAL CLASSIFICATION NUMBER | |
| Classification number | 621.11 HAS |
| 100 ## - MAIN ENTRY--PERSONAL NAME | |
| Personal name | Hassan, Shabieh Ul (320710) |
| 9 (RLIN) | 118279 |
| 245 #2 - TITLE STATEMENT | |
| Title | A Decision-centric Approach for Techno-economic Optimization and Environmental Assessment of Standalone and Grid-integrated Renewable-powered Electric ehicle Charging Stations under Various Planning Horizons / |
| 260 ## - PUBLICATION, DISTRIBUTION, ETC. | |
| Name of publisher, distributor, etc. | USPCAS-E, NUST,Islamabad : |
| Date of publication, distribution, etc. | 2023 |
| 300 ## - PHYSICAL DESCRIPTION | |
| Extent | xi, 51 p. |
| 520 ## - SUMMARY, ETC. | |
| Summary, etc. | TH-499 |
| 650 ## - SUBJECT ADDED ENTRY--TOPICAL TERM | |
| Form subdivision | MS Thesis |
| 9 (RLIN) | 18721 |
| 650 ## - SUBJECT ADDED ENTRY--TOPICAL TERM | |
| Form subdivision | MS-EEP Thesis |
| 700 ## - ADDED ENTRY--PERSONAL NAME | |
| Personal name | Dr. Muhammad Yousif |
| 942 ## - ADDED ENTRY ELEMENTS (KOHA) | |
| Koha item type | Thesis |
| Source of classification or shelving scheme | |
| Withdrawn status | Lost status | Source of classification or shelving scheme | Damaged status | Not for loan | Permanent Location | Current Location | Date acquired | Full call number | Barcode | Date last seen | Price effective from | Koha item type |
|---|---|---|---|---|---|---|---|---|---|---|---|---|
| US-Pakistan Center for Advanced Studies in Energy (USPCAS-E) | US-Pakistan Center for Advanced Studies in Energy (USPCAS-E) | 08/07/2023 | 621.11 HAS | CAS-ETH0000499 | 09/25/2023 | 09/25/2023 | Thesis |
